LEADER 00501nab a2200145 i 4500 001 000000317289 003 CaOOAMICUS 005 20180831173225.0 008 180831n xx uu u0 0und r 013 $a26370 040 $aSeMil$bita 100 1 $aCaspani, Pierpaolo,$d<1960- >.$0(OLS)http://semarc/name/33338 245 10$a[RECENSIONE: ..., Iniziazione cristiana..., ]. 773 0 $t[Gennaio-Dicembre].$g844-847$w()273995 996 $6245$a[RECENSIONE: ..., Iniziazione cristiana..., ]$9(OLS)http://semarc/title/391265 LEADER 01272nam a2200289 4500 001 000000349842 003 CaOOAMICUS 005 20260120113256.0 008 220330s2006 it 000 u ita r 020 $a88-498-1512-3 040 $aSeMil$bita 100 1 $aGembillo, Giuseppe,$d<1949- >.$0(OLS)http://semarc/name/114611 245 10$aBenedetto Croce :$bfilosofo della complessità /$cGiuseppe Gembillo. 264 1$aSoveria Mannelli :$bRubbettino,$c2006. 300 $a188 p. ;$c21 cm 490 1 $aVariazioni ;$v7 650 4$aCroce, Benedetto <1866-1952> - Pensiero filosofico.$0(OLS)http://semarc/subject/13983 650 4$aComplessità - Filosofia.$0(OLS)http://semarc/subject/47943 650 4$aEpistemologia.$0(OLS)http://semarc/subject/312 830 0$aVariazioni ;$v7.$0(OLS)http://semarc/title/422339 850 $aSeMil 852 $aSeMil$W1$xVenegono$y1$m2P III 898$j232838$B240880$CSeMilBibl$Z2$F240880 $81 961 $aBrambilla don Paolo - Omaggio 996 $6020$a88-498-1512-3$9(OLS)http://semarc/number/295576 996 $6245$aBenedetto Croce :$bfilosofo della complessità$9(OLS)http://semarc/title/439485 996 $6264$aSoveria Mannelli :$bRubbettino$9(OLS)http://semarc/publisher/32145